Στη μνήμη Δημήτρη Α. Γληνού : μελέτες για το έργο του και ανέκδοτα κείμενά του.
Saved in:
| Format: | Book |
|---|---|
| Language: | Greek |
| Published: |
Αθήνα :
Τα Νέα Βιβλία,
1946.
|
| Series: | Ιστορική Βιβλιοθήκη (Νέα Βιβλία)
4 |
| Subjects: | |
| Tags: |
Add Tag
No Tags, Be the first to tag this record!
|
MARC
| LEADER | 00000cam a2200000 i 4500 | ||
|---|---|---|---|
| 001 | 1/21063 | ||
| 008 | 960711s1946 gr | ||| |||| ||gre|| | ||
| 035 | |a 1987 |c Αγορά |l 10036197 | ||
| 040 | |a GR-MyUa |b gre |e AACR2 | ||
| 041 | 0 | |a gre | |
| 082 | 7 | |a 370.924 |2 (22) | |
| 245 | 0 | 0 | |a Στη μνήμη Δημήτρη Α. Γληνού : |b μελέτες για το έργο του και ανέκδοτα κείμενά του. |
| 260 | |a Αθήνα : |b Τα Νέα Βιβλία, |c 1946. | ||
| 300 | |a 215 σ. ; |c 21 εκ. | ||
| 490 | 1 | |a (Ιστορική βιβλιοθήκη / Νέα Βιβλία ; |v 4) | |
| 600 | 1 | 0 | |a Γληνός, Δημήτρης, |d 1882-1943. |
| 650 | 0 | |a Educators |z Greece |x Biography. | |
| 650 | 0 | |a Socialists |z Greece |x Biography. | |
| 830 | 0 | |a Ιστορική Βιβλιοθήκη (Νέα Βιβλία) |v 4 | |
| 852 | |a INST |b RHODES |e 19960711 |h 370.924 MNH |p 005400002842 |q 005400002842 |t BK |y 0 | ||
| 970 | |z 1996/07/11 | ||